000 00419nam a2200145Ia 4500
008 220216s9999 xx 000 0 und d
100 _aSasidharan K K
245 2 _aA method for producing carbon black silica master batch
260 _bIRRDB International Rubber Conference, 14-17 December 2011, Thailand
650 _aCarbob black
700 _aAlex R
700 _aGeorge B
700 _aVarkey J K
942 _cBS
999 _c51492
_d51492